Les 10 villes les plus visitées en Europe - Statistiques

Statistiques générales
  • Ce quiz a été pris 918 fois
  • Le résultat moyen est 7 sur 10
Statistiques - réponses
Nombre de visiteurs en 2023 Ville % Correct
1 35 millions Paris
100%
2 30 millions Barcelone
89%
4 27 millions Londres
89%
3 28 millions Rome
89%
5 25 millions Amsterdam
66%
9 16 millions Athenes
62%
8 18 millions Vienne
58%
7 20 millions Prague
48%
10 14 millions Budapest
44%
6 22 millions Istanbul
39%
Aucun quiz correspondant
Distribution des résultats
% des personnes avec chaque résultat
Percentile par nombre de réponses
Votre historique - résultats
Vous n’avez pas pris ce quiz